Untuk mu sayang

Bibliographic Details
Main Author: Marwati Wahab
Format: Book
Published: Kuala Lumpur : Fajar Pakeer Sdn Bhd , 2008
Subjects:

MARC

LEADER 00000cam a2200000 7i4500
001 0000022539
005 20080731.0
008 080731
020 |a 9833880148 
090 0 0 |a MAR   |b MAL 
100 1 |a Marwati Wahab 
245 1 0 |a Untuk mu sayang   |c Marwati Wahab 
260 |a Kuala Lumpur :   |b Fajar Pakeer Sdn Bhd ,   |c 2008 
650 0 |a Malay Fiction 
650 0 |a Novel 
999 |a 0001036316   |b Book   |c Adult Collection   |e Perbadanan Perpustakaan Awam Johor 
999 |a 0001036317   |b Book   |c Adult Collection   |e Cawangan Urban Transformation Centre 
999 |a 0001036318   |b Book   |c Adult Collection   |e Perbadanan Perpustakaan Awam Johor 
999 |a 0001036319   |b Book   |c Adult Collection   |e Perbadanan Perpustakaan Awam Johor 
999 |a 0001036320   |b Book   |c Adult Collection   |e Perbadanan Perpustakaan Awam Johor